Jedes DLTLLY Acapella Titelmatch - Statistiken

Allgemein
  • Dieses Quiz wurde 8 mal gespielt
  • Das Durchschnittsergebnis liegt bei 11 aus 14
Antwortstatistiken
Jahr MC % Korrekt
2021 Mikesh
100%
2022 Kato
86%
2023 Kato
86%
2024 Kato
86%
2018 Nedal Nib
86%
2019 Nedal Nib
86%
2020 Nedal Nib
86%
2024 Tobi High
86%
2020 Yarambo
86%
2021 Yarambo
86%
2019 Lyrico
71%
2023 Neilz
71%
2022 Robscure
71%
2018 Brian Damage
57%
Keine übereinstimmenden Quizze gefunden
Verteilung der Resultate
Anzahl Personen mit jedem Resultat
Perzentil nach korrekt beantworteten Fragen
Ihre Resultats-Entwicklung
Sie haben dieses Quiz noch nicht gespielt